000 01282nab a2200217 i 4500
001 768714001
003 CO-MdFUSB
005 20240507144412.0
008 240507t1968 sp ||||| |||| 00| 0 spa d
040 _bspa
_cCO-MdFUSB
_dCO-MdFUSB
041 _aspa
100 _aSchmidt, Hans,
_eautor
245 _aAlgunas cuestiones en torno al problema de la “cristología política”
_c/ Hans Schmidt
520 _a¿Cómo se manifestaron en estas diversas confesiones cristológicas el dinamismo de cara al mundo, el dramatismo social y las perspectivas políticas de la expectación mesiánica veterotestamentaria y de los testimonios cristológicos del Nuevo Testamento? ¿Hasta qué punto fueron desfigurados y transformados tales elementos? ¿En qué medida fueron exagerados o desdibujados? Ese es el problema que vamos a tocar con la obligada brevedad de unas notas, a fin de suscitar y alentar ulteriores reflexiones.
650 7 _aCristología
_9239
650 7 _aTeología política
_97184
650 7 _aReligión y política
_9286
773 0 _049450
_982596
_oR2526
_tRevista internacional de teología Concilium
_w(CO-MdFUSB)8
_x0210-1041
_gNúmero 36, (junio, 1968), páginas: 463 - 475
_qpágina: 463
942 _cANA
945 _aCatherine Arias Alvarez - Practicante SENA
999 _c69539
_d69539